[Event "Antwerp InventiChess"]
[Site "Antwerp"]
[Date "2009.09.18"]
[Round "1"]
[White "Muzychuk, Anna"]
[Black "Howell, David"]
[Result "1-0"]
[WhiteElo "2533"]
[BlackElo "2624"]
[PlyCount "77"]
[EventDate "2009.09.18"]
[EventType "tourn"]
[EventRounds "9"]
[EventCountry "BEL"]
[EventCategory "15"]
[SourceTitle "CBM 133"]
[Source "ChessBase"]
[SourceDate "2009.11.19"]
[SourceVersion "1"]
[SourceVersionDate "2009.11.19"]
[SourceQuality "1"]

1. e4 Nf6 2. e5 Nd5 3. d4 d6 4. Nf3 dxe5 5. Nxe5 c6 6. Bd3 Nd7 7. Nxd7 Bxd7 8.
O-O g6 9. c4 Nc7 10. Nc3 Bg7 11. Be3 Be6 12. Qe2 Bxd4 13. Rad1 c5 14. Be4 O-O
15. Na4 Qc8 16. Nxc5 Bxe3 17. Qxe3 Rb8 18. Rfe1 Bg4 19. Bf3 Re8 20. Bxg4 Qxg4
21. Qe5 Na6 22. Nxa6 bxa6 23. b3 Qc8 24. Rd5 e6 25. Rd4 Rd8 26. Red1 Rxd4 27.
Rxd4 Qb7 28. h4 h5 29. Rd6 Rc8 30. Qd4 Qe7 31. c5 e5 32. Qd5 Kg7 33. b4 Rc7 34.
g3 e4 35. Qd4+ Kh7 36. Rd8 f6 37. Rd6 Kg7 38. Rxa6 Rb7 39. a3 1-0

[Event "Kazan FIDE GP (Women) 4th"]
[Site "Kazan"]
[Date "2012.06.11"]
[Round "2"]
[White "Muzychuk, Anna"]
[Black "Stefanova, Antoaneta"]
[Result "1-0"]
[WhiteElo "2598"]
[BlackElo "2518"]
[Annotator "Mikhalchishin,A"]
[PlyCount "87"]
[EventDate "2012.06.09"]
[EventType "tourn"]
[EventRounds "11"]
[EventCountry "RUS"]
[EventCategory "11"]
[SourceTitle "CBM 149"]
[Source "ChessBase"]
[SourceDate "2012.07.17"]
[SourceVersion "1"]
[SourceVersionDate "2012.07.17"]
[SourceQuality "1"]

1. e4 c6 2. d4 d5 3. Nc3 dxe4 4. Nxe4 Bf5 5. Ng3 Bg6 6. h4 h6 7. Nf3 Nd7 8. h5
Bh7 9. Bd3 Bxd3 10. Qxd3 e6 11. Bd2 Ngf6 12. O-O-O Be7 ({The main line was
also played in this tournament, but it gives White a slight advantage, which
was demonstrated by the World Champion:} 12... Qc7 13. Ne4 O-O-O 14. g3 Nc5 15.
Nxc5 Bxc5 16. c4 Qe7 17. a3 Bb6 18. Bc3 Ng4 19. Qe2 Rhe8 20. Kb1 Bc7 21. Ka2 f5
22. Nh4 Nf6 23. Ng6 Qf7 24. b3 Ne4 25. Bb2 Rd7 26. Rhe1 Red8 27. g4 Ng5 28. f4
Ne4 29. gxf5 exf5 30. Ne5 Bxe5 31. fxe5 Qe6 32. Qe3 Kb8 33. Rf1 b5 34. Rc1 Rb7
35. d5 cxd5 36. cxd5 Qxd5 37. Rxf5 Ng5 38. Rc5 Qd7 39. e6 Qxe6 40. Rfe5 Qf7 41.
Rxb5 Rxb5 42. Rxb5+ Ka8 43. a4 Qd7 44. Re5 Qh3 45. Qc5 Qc8 46. Qa5 Rd7 47. Rc5
Qb7 48. Qc3 Rd8 49. Rc7 Ne4 50. Qc2 Qd5 51. Rc8+ {1-0 Yifan,H (2623)-Danielian,
E (2484)/Kazan, RUS 2012}) 13. Kb1 ({The direct transfer of the knight is
possible too, but it allows Black to obtain an endgame:} 13. Ne4 Nxe4 14. Qxe4
Nf6 15. Qe2 Qd5 16. c4 Qe4 17. Qxe4 Nxe4 18. Be3 Nd6 19. Ne5 Nf5 20. g4 Nxe3
21. fxe3 Bf6 22. Nd3 O-O-O 23. Kc2 Rhe8 24. Rhf1 Re7 25. Rf3 b6 26. Rdf1 Rg8
27. b4 Kc7 28. a4 Rd7 29. c5 Rd5 30. Kc3 {Muzychuk-Batsiashvili,Gaziantep 2012;
with slightly better play.}) 13... Qc7 14. Ne4 Rd8 {Here Black has a better
option in my opinion:} (14... c5 $1 15. Nxf6+ Nxf6 16. dxc5 O-O 17. g4 Rfd8 18.
Qe2 Qxc5) ({But} 14... O-O {is risky:} 15. g4 $1 Nxg4 16. Rdg1 f5 17. Qc4 Rf7
18. Qxe6 Nf8 19. Qc4 $16) 15. Nxf6+ ({A more risky move is} 15. c4 O-O 16. Bc3
b5 $1 17. cxb5 cxb5 18. Nxf6+ Nxf6 19. Qxb5 Ne4 20. Ba5 Rb8 21. Qa6 Qf4 22. Be1
Rfc8 {Kudrin,S (2562)-Kacheishvili,G (2590)/Sturbridge 2009; with big
compensation for the pawn.}) 15... Nxf6 16. Ne5 ({The logical move is} 16. Qe2
c5 ({Specialists prefer} 16... Qb6 17. Bc1 Qb5 18. c4 Qf5+ 19. Ka1 Nxh5 20. Ne5
Nf4 21. Qe3 Ng6 22. g4 Qf6 23. f4 {1/2 Vallejo Pons,F (2677)-Dreev,A (2705)/
Albox 2005}) 17. dxc5 Bxc5 $2 (17... Qxc5 {was an improvement:} 18. Ne5 Rd4 19.
Nd3 Qb5 20. Bc3 Ra4 21. b3 O-O 22. Qe5 Qa5 {1/2 Hou,Y (2513)-Kachiani
Gersinska,K (2375)/Ekaterinburg 2007}) 18. Ne5 O-O 19. g4 Bd4 20. Nd3 Rd5 21.
Rhg1 Rc8 22. c3 Bc5 23. g5 hxg5 24. Bxg5 Be7 25. h6 {Xie Jun (2569)-Kachiani
Gersinska,K (2441)/Mallorca 2004; with a serious attack.}) 16... O-O (16... Qb6
$2 {is wrong:} 17. Qg3 Qxd4 18. Qxg7 Rh7 19. Qg3 Rd5 20. Nf3 Qb6 21. c4 Ba3 22.
b3 Rd3 23. Kc2 Ne4 24. Qg8+ Bf8 25. Qxh7 Nxf2 26. Ne5 {1-0 Korbut,E (2330)
-Kachiani Gersinska,K (2456)/Warsaw 2001}) 17. Bf4 ({The direct} 17. Rh4 {
is weaker:} Nd7 18. Nxd7 Qxd7 19. Rg4 Kh8 20. Re4 c5 21. Bc3 Bf6 22. d5 Bxc3
23. Qxc3 exd5 24. Qxc5 Qf5 25. Re2 Qxh5 26. Red2 Qg6 27. g3 a6 28. Qb4 Rfe8 29.
Qxb7 d4 30. Qf3 Rc8 31. Qd3 Re4 32. Re2 Rxe2 33. Qxe2 Qf6 34. Rd3 {1/2
Garnelis,J (2228)-Lenderman,A (2542)/Puerto Madryn 2009}) 17... Nd5 $6 (17...
Bd6 {was better, preparing c6-c5.}) 18. Bg3 Qb6 19. c4 Nb4 ({The retreat would
allow White to improve the centre:} 19... Nf6 20. f4) 20. Qb3 ({It was
possible to conduct this plan in a more exact way:} 20. Qf3 Rxd4 21. Nd7 Qa6
22. a3 Qxc4 23. axb4 Rd8 24. Rxd4 Qxd4 25. Rd1 Qxb4 26. Bc7 Rc8 27. Be5 $16)
20... Rxd4 ({A slightly better version was} 20... c5 21. dxc5 Qxc5 22. a3 Nc6
23. Nd7 Qf5+ 24. Ka1 Rfe8 25. Qxb7 Rc8 26. Bc7 $14) 21. Nd7 $5 ({It would be
very difficult to find the correct way} 21. Qf3 Rfd8 22. Qxf7+ Kh8 23. Qf3)
21... Rxd1+ 22. Rxd1 Qa5 23. a3 ({It was not easy to see how to cut off the
black queen:} 23. Be5 $1 Rd8 24. a3 Na6 25. Qg3 f6 26. b4 Nxb4 27. axb4 Qxb4+
28. Bb2 Kh8 29. Qc3 Qa4 30. Rd3 $14) 23... Qf5+ 24. Ka1 Nc2+ 25. Ka2 Rd8 (25...
Re8 {was better.}) 26. Bc7 $1 Re8 27. f3 $16 {Now Black has a huge problem
with her knight.} Bg5 28. g4 Qh7 {Playing against such an opponent as Anna
with a queen out of action like this is hopeless.} 29. f4 $6 (29. Ne5 {was
very strong.}) 29... Bh4 30. Rd2 Ne1 31. Qe3 (31. f5 {was very powerful:} exf5
32. Qxb7) 31... b6 32. Ne5 c5 33. Qe2 $1 Bg3 34. Nc6 g5 35. hxg6 fxg6 36. Ne5
$1 g5 ({There is a very simple win after} 36... Qxc7 37. Rd7 Qc8 38. Qe4) 37.
Nd7 Qf7 38. fxg5 $5 (38. Be5 {was simpler.}) 38... Bxc7 39. Nf6+ Kf8 40. Qxe1 (
{Or} 40. Nxe8 Nf3 41. g6) 40... Bf4 ({Black's position is also hopeless after
the best} 40... Rd8 41. Re2 Bf4 42. Rxe6 Bxg5 43. Qe5 Bf4 44. Qe4) 41. Rd7 Re7
42. Rd8+ Kg7 43. Qe4 hxg5 44. Nh5+ 1-0

[Event "Kazan FIDE GP (Women) 4th"]
[Site "Kazan"]
[Date "2012.06.22"]
[Round "11"]
[White "Kosintseva, Nadezhda"]
[Black "Muzychuk, Anna"]
[Result "0-1"]
[WhiteElo "2528"]
[BlackElo "2598"]
[Annotator "Mikhalchishin,A"]
[PlyCount "66"]
[EventDate "2012.06.09"]
[EventType "tourn"]
[EventRounds "11"]
[EventCountry "RUS"]
[EventCategory "11"]
[SourceTitle "CBM 149"]
[Source "ChessBase"]
[SourceDate "2012.07.17"]
[SourceVersion "1"]
[SourceVersionDate "2012.07.17"]
[SourceQuality "1"]

1. e4 c5 2. Nf3 Nc6 3. c3 e6 4. d4 d5 5. exd5 exd5 6. Bb5 Bd6 7. O-O Nge7 8.
dxc5 Bxc5 9. Nbd2 O-O 10. Nb3 Bd6 11. Bd3 h6 12. Be3 Nf5 $5 {A new fresh idea
in a classical position. Other possibilities are:} (12... Bg4 13. h3 (13. Be2 {
is weaker:} Re8 14. Nfd4 Bxe2 15. Qxe2 Ng6 16. Nf5 Bc7 17. Rad1 Re5 18. Qf3 Qd7
19. Ng3 Nh4 20. Qe2 Bb6 21. Rd3 {1/2 Rausis,I (2515)-Gerstner,W (2370)/
Badenweiler 1995}) 13... Bh5 14. Be2 Re8 15. Nfd4 Bxe2 16. Qxe2 Ne5 17. Rad1
N7g6 18. Nf5 Bc7 19. Qb5 Qf6 20. Nbd4 Ne7 21. Nxe7+ Rxe7 22. Qxd5 Rae8 23. Rfe1
Qa6 24. Nf5 Rd7 25. Qe4 Red8 26. Rxd7 Rxd7 27. Bd4 f6 28. f4 Ng6 29. Qe8+ Nf8
30. Ne7+ Rxe7 31. Rxe7 Qxa2 32. Rxc7 {1-0 Godena,M (2528)-Pihlajasalo,A (2436)/
ICC INT 2008}) ({Very logical seems to be} 12... Bf5 13. Re1 Re8 14. h3 Qd7 15.
Bc5 Bxd3 16. Qxd3 Ng6 17. Bxd6 Qxd6 18. Nbd4 Nge5 19. Nxe5 Nxe5 20. Qg3 Qf6 21.
Rad1 Rac8 22. Re2 {1/2 Godena,M (2508)-Renet,O (2573)/Switzerland 2004/EXT 2005
}) 13. Bc5 Re8 14. Bxf5 $2 {The technique of choosing the correct exchange is
the problem of even top women players sometimes.} (14. Re1 {was correct.}) ({or
} 14. Qd2 {with chances to fight for a small advantage.}) 14... Bxf5 15. Bxd6 (
{After} 15. Re1 Rxe1+ 16. Qxe1 Bc7 $1 17. Nfd4 Bd7 18. Nxc6 Bxc6 19. Nd4 Bd7
20. g3 Qf6 {Black would have a very comfortable position.}) 15... Qxd6 16. Nfd4
Bg6 17. Qd2 ({It was better to try not to let the knight come to c4:} 17. Qf3
Ne5 18. Qg3) 17... Ne5 18. Qf4 ({It was necessary to try to fight the powerful
knight on c4:} 18. f4 Nc4 19. Qf2 Be4 20. Nd2) 18... Qb6 19. Rae1 Nc4 {A
strategy like this in this kind of a French was a favourite of Rafael Vaganian.
He won many games with this position where White is forced into complete
passivity.} ({Not so powerful and safe woud be the knight position on d3:} 
19... Nd3 20. Rxe8+ Rxe8 21. Qd2 Re7 22. Ne2 a5 23. Nec1) 20. Qc1 ({Activation
did not work:} 20. Nf5 Kh7 21. Ne7 Be4) 20... Rac8 21. f3 a5 22. a4 Bf5 $3 {
A beautiful strategic manoevre - the bishop controls a lot of squares, but
they all are empty. So, it is necessary to find some target and with the help
of the previous move Anna creates a weakness - the pawn on a4!} 23. Rxe8+ Rxe8
24. Re1 Rxe1+ 25. Qxe1 Bd7 26. Qa1 {A shameful position for the queen, but how
can she defend the a4-pawn?} ({In such positions its better to die like a
warrior, i.e. with} 26. Qe7) 26... Qg6 {And now the black queen is ready to
penetrate White's position.} 27. Kf2 (27. Ne2 {did not offer any encouragement:
} Qc2 28. Ned4 Qxb2 29. Qxb2 Nxb2 30. Nxa5 Bc8 31. Kf2 Nxa4) 27... Qg5 $1 {
Now the queen comes close to the opponent's king - a decisive attack follows.}
28. Nc5 Qd2+ 29. Kg3 Bc8 30. Qf1 b6 31. Nd3 Qg5+ 32. Kf2 Qe3+ 33. Kg3 Nd2 0-1

[Event "Amsterdam ACP Golden Classic"]
[Site "Amsterdam"]
[Date "2012.07.14"]
[Round "1"]
[White "Sasikiran, Krishnan"]
[Black "Muzychuk, Anna"]
[Result "0-1"]
[WhiteElo "2707"]
[BlackElo "2606"]
[Annotator "Muzychuk,A"]
[PlyCount "80"]
[EventDate "2012.07.14"]
[EventType "tourn"]
[EventRounds "7"]
[EventCountry "NED"]
[EventCategory "19"]
[SourceTitle "CBM 150"]
[Source "ChessBase"]
[SourceDate "2012.09.14"]
[SourceVersion "1"]
[SourceVersionDate "2012.09.14"]
[SourceQuality "1"]

1. d4 d5 2. c4 c6 3. Nf3 Nf6 4. Nc3 e6 5. e3 Nbd7 6. Qc2 Bd6 7. Bd3 O-O 8. O-O
dxc4 9. Bxc4 b5 10. Bd3 Bb7 11. a3 {This move came as a small surprise as in
many previous games Sasikiran had played 11.e4. Before this one there were no
games in which he played 11.a3.} a5 12. e4 e5 13. Rd1 (13. dxe5 {is much more
popular, but lately strong grandmasters have switched to 13.Rd1.}) 13... Qc7 (
13... Qe7 {was another option, but I am not sure that after} 14. h3 {the queen
is better on e7, rather than on c7.}) 14. h3 Rfd8 $146 ({14...Rfd8 is a
novelty. Before our game there were just 2 games, both played by strong
players and both in 2012! 14...Rfe8 was played there but in my opinion White
is slightly better after 14...Rfe8, so I chose a new move in this position.
The aforementioned games continued like this:} 14... Rfe8 15. Be3 Rac8 (15...
exd4 16. Nxd4 Bf4 17. Bxf4 Qxf4 18. Nce2 Qd6 19. Rac1 $14 {1/2 Jakovenko,D 
(2736)-Grachev,B (2680)/Tyumen RUS 2012/The Week in Chess 920 (61)}) 16. Rac1
Qb8 17. dxe5 Nxe5 18. Nxe5 Bxe5 19. b4 axb4 20. axb4 Bxc3 21. Qxc3 Nxe4 22. Qc2
Nf6 23. Bd4 $14 {0-1 Bacrot,E (2714)-Korobov,A (2660)/Warsaw POL 2011/The Week
in Chess 893 (48)}) 15. Bg5 $6 {Looking at the fact that after ...h6 White
went back with the bishop to e3, there is a big question as to whether it was
needed. After analysing different lines, I could not see where it wass better
for White that Black had played the additional move ...h6. The only plus could
be if White managed to put the knight on f5 and then the move ...g6 would not
be possible, but in the variations White could not make it.} ({I think that} 
15. dxe5 $5 Nxe5 16. Nxe5 Bxe5 17. Be3 {or immediately 15.Be3 were better
possibilities than the move in the game.}) (15. Be3 $5) 15... h6 16. Be3 (16.
Bxf6 {is not promising for White} Nxf6 17. Rac1 Qe7 18. dxe5 Bxe5 19. Nxe5 Qxe5
20. Ne2 c5 $11 {Black equalises.}) (16. Bh4 {was the most logical move,
following the idea of 15.Bg5. After that there are different interesting lines:
} exd4 17. Nxd4 g5 $1 (17... Bh2+ 18. Kh1 g5 19. Bg3 (19. Nf5 gxh4 20. g3 hxg3
21. fxg3 Ne5 22. Kxh2 Bc8 $13) 19... Bxg3 20. fxg3 Nc5 21. Qf2 (21. Nf5 Bc8 $1)
21... Nh5 22. Nce2 $13 {the situation is very unclear but I think I would
prefer White's position as it is easier to play and create an attack}) 18. Bg3
(18. Nf5 gxh4) 18... Bxg3 19. fxg3 {and now we could have faced some unusual
position. Black's king is weak but White has problems with black squares.} {
I believe that after} Ne5 {it is possible to keep the balance; moreover after
Nf5 there is the nice defence of ...Bc8! Nxh6+ Kg7 and suddenly Black's
position becomes better.} (19... c5 $5 {is also playable} 20. Nf5 (20. Ndxb5
Qxg3 21. Rf1 (21. Qf2 Qxf2+ 22. Kxf2 Ne5 $11) 21... Nh5 (21... Ne5 $5 22. Rxf6
Ra6 $11) 22. Rf3 Qb8 {, planning Nf4 or Ne5, followed by c4 and Bc6}) (20.
Ncxb5 $2 Qb6 $19) 20... c4 21. Be2 (21. Nxh6+ Kf8 22. Bf1 Qxg3) (21. Bf1 Qc5+
22. Kh2 Ne5 $11 {[%cal Ye5g4]}) 21... Kf8 $1 $13) 20. Qf2 (20. Bf1 Qb6 21. Qf2
Nfg4 22. hxg4 Nxg4 23. Qd2 c5 24. Nd5 Bxd5 25. exd5 cxd4 26. Qxd4 Qxd4+ 27.
Rxd4 Ne3 $11) (20. Nd5 Nxd5 21. exd5 Nxd3 22. Rxd3 Rxd5 23. Rf1 Rad8 24. Rdf3
Rxd4 25. Rxf7 Qxf7 26. Rxf7 Kxf7 27. Qf5+ $11) (20. Nf5 Bc8 $1) 20... Neg4 21.
hxg4 Nxg4 22. Qe2 (22. Qf3 Ne5 $11) 22... Bc8 23. Nf3 (23. Bc2 Qb6) 23... b4 $1
{the most precise} (23... Qb6+ 24. Kf1 (24. Kh1 Nf2+ 25. Kh2 Ng4+ $11) 24...
Ne3+ 25. Ke1 Nxd1 26. Rxd1 g4 $13) 24. axb4 Qb6+ 25. Kf1 Ne3+ 26. Ke1 Nxd1 27.
Nxd1 Qxb4+ 28. Kf2 Be6 {with a nearly equal position, but keeping practical
chances for both sides.}) 16... exd4 17. Nxd4 Ne5 $6 (17... b4 $1 {I could
level the position but during the game it was a bit dangerous to play in such
a way} 18. Na4 Bh2+ 19. Kh1 c5 20. Nb5 Qe5 {It looked quite strange, but
actually Black is doing fine. Now the e4-pawn is hanging and if White plays 21.
f3, then the counterplay with ...Nh5 works. Therefore, 21.Qc1 is strong
underlining the strange position of the bishop on h2.} 21. Qc1 Qb8 {now the
e4-pawn is hanging again} (21... Bxe4 22. f4 Qb8 23. Bc4 Bg3 24. Nd6 Bg6 {
maybe this is also ok for Black but it looks very dangerous}) 22. f4 (22. Nxc5
Nxc5 23. Qxc5 Be5 $11) 22... Bg3 23. e5 Ba6 $1 24. Nd6 Bxd3 25. Nxf7 Kxf7 26.
Rxd3 Nxe5 27. fxe5 Qxe5 $11) (17... Bh2+ $6 {is not that good} 18. Kh1 Bf4 19.
Bxf4 Qxf4 20. f3 $14 {[%csl Yb7] and White gets a typical advantage.}) 18. Bf1
{Now the position is better for White again. The main problem is with the
bishop on b7.} Ng6 ({19.f4 was threatening and ...b4 is not so good as the
line shows:} 18... b4 19. axb4 axb4 20. Rxa8 Bxa8 21. Na4 $14 Nxe4 22. Nf5 $5 (
22. Ne6 fxe6 23. Bb6 Qb8 24. Bxd8 c5 25. Bh4 $14)) (18... Neg4 $2 {was the
first move that came to my mind but obviously the tactics with ...Ng4 do not
work here.} 19. hxg4 Bh2+ 20. Kh1 Nxg4 21. Qe2 {White is simply a piece up. No
time for the ...Bg1 idea or transfering the queen to h4.}) 19. Nf5 Bh2+ 20. Kh1
Be5 21. Rac1 (21. Bc5 $5 $14) (21. Ne2 $5 $14) 21... Rxd1 22. Nxd1 Rd8 23. Nc3
{Here I spent quite a lot of time as it was not so easy to make a move.
Actually I did not like my position at this moment. I intended to play ...Bc8,
transferring the bishop to a better position, but now it was not possible in
view of Nb5. 23...Qb8, the move which I played, kept this idea but weakened
the c6-pawn.} Qb8 (23... b4 24. Na4 $14) (23... Bc8 24. Nxb5) (23... Rd7 {
was possible, defending from Nb5, but it was not clear what to play after that
and how to solve the problem with the bishop.} 24. Ne2 $14) 24. Bb6 $6 (24. Ne2
$1 $14 {It was not an easy move but quite standard for this type of position.
The idea is to take control over the d4- and f4-squares, also increasing the
pressure on the c6-pawn. One more point is that the idea with Ned4 appears.} c5
25. f3 c4 26. a4 $1 (26. Ned4 a4) 26... bxa4 (26... b4 27. Ned4) 27. Ned4 Bf4
28. Bxf4 (28. Rd1) 28... Qxf4 29. Rd1 $14) 24... Bc7 {This was a critical
moment as while making the next moves White started to lose the thread of the
game and in just a few moves I equalised and even started to play for an
advantage. As Krishnan told me after the game, he wrongly calculated my reply
of 24...Bc7, thinking that he wins a pawn after 25.Bxc7 Qxc7 26.Nxb5. But
after 26...Qf4 I would have got good counterplay.} 25. Be3 $6 ({After 25.Be3 I
got an easy game. That is why White had to choose between 25.Bc5 or still 25.
Bxc7.} 25. Bxc7 Qxc7 26. f3 (26. Nxb5 Qf4 27. Nbd6 Rxd6 28. Nxd6 Qxd6 $13)
26... Nh5 27. Ne2 a4 $11) (25. Bc5 Re8 26. b4 axb4 27. axb4 Bc8 $14 {/=}) 25...
Bf4 26. a4 $6 {Wrong idea as Black does not need to react.} Qe5 27. Re1 $2 (27.
f3 {maintained equality.}) 27... b4 {Now Black gets the initiative.} 28. Bxf4 (
28. Nb1 c5 29. f3 (29. Nd2 Nxe4 $19) 29... Bxe3 30. Nxe3 Qg3 $17) 28... Qxf4 (
28... Nxf4 $5 {was also a good option:} 29. Nb1 c5 30. Ng3 (30. f3 Bc8 $17)
30... h5 $17) 29. Nd1 Rd2 $2 {Difficult to believe, but the move which
everyone would like to make, especially in time trouble, is a mistake. In this
position it was too early. The problem is that after 30.Qc1 White has some
tactical motifs, looking at the point that the rook on d2 is pinned.} (29...
Ne5 $5 $17 {or 29...Bc8 was correct.}) 30. Qc1 c5 31. f3 $2 (31. Ng3 {After 31.
f3 Black's position became winning. 31.Ng3 was the only move:} Nd7 (31... h5
32. f3 $1 $11 {The idea which both my opponent and I missed during the game.
It is difficult to find, but this trick shows why the move ...Rd2 was not that
good.}) 32. b3 Rd4 $15) 31... Ne5 $1 ({Immediately taking on e4 was a mistake:
} 31... Nxe4 $2 32. fxe4 Bxe4 33. Ng3 $1 (33. Nde3 Rf2)) (31... Bxe4 {is
better than 31...Ne4 and leads to a position with advantage for me, but 31...
Ne5 is the most precise.} 32. Nde3 (32. Nfe3 Rc2 $19) 32... Rxg2 $1 33. Nxg2
Qxf3 34. Nxh6+ gxh6 35. Qe3 Qxe3 36. Rxe3 Ne5 $15) 32. Be2 (32. Re2 Nxf3 $19)
32... Bxe4 {Now everything is forced, but 32...Ba6 was another interesting
winning possibility.} (32... Ba6 $5 $19) 33. fxe4 (33. Nde3 Rxe2 $19) (33. Nfe3
Rc2 $19) 33... Nxe4 34. Rf1 (34. Nde3 {could not save the game, but was the
most stubborn.} Nf2+ 35. Kg1 Nxh3+ $1 36. gxh3 Nf3+ 37. Kg2 g6 $19) 34... Qg5
35. h4 Qd8 36. Ba6 (36. Re1 g6 $19) 36... Rxd1 (36... g6 $5) 37. Rxd1 Qxd1+ 38.
Qxd1 Nf2+ 39. Kg1 Nxd1 40. b3 c4 0-1